000
00319nam a22000977a 4500
082
_a
891.433/उपन्यास
100
_a
गीतांजलि श्री
_9
81872
245
_a
रेत समाधि
260
_a
नई दिल्ली
_b
राजकमल प्रकाशन
_c
2022
942
_c
BK
999
_c
66060
_d
66060